La estartegia frente a las inspecciones impositivas (Registro nro. 14718)
[ vista simple ]
| 000 -LEADER | |
|---|---|
| fixed length control field | 00332 a2200109 4500 |
| 001 - CONTROL NUMBER | |
| control field | ART_17988 |
| 005 - DATE AND TIME OF LATEST TRANSACTION | |
| control field | 20260410161656.0 |
| 008 - FIXED-LENGTH DATA ELEMENTS--GENERAL INFORMATION | |
| fixed length control field | 260409a |
| 100 1# - MAIN ENTRY--PERSONAL NAME | |
| Personal name | Sequeira, Marcos A. |
| 245 10 - TITLE STATEMENT | |
| Title | La estartegia frente a las inspecciones impositivas |
| 773 0# - HOST ITEM ENTRY | |
| Title | Práctica profesional |
| Related parts | - Nº 120 (jun. 2010) |
| Record control number | REV542 |
No hay ítems disponibles.